<?xml version="1.0" encoding="UTF-8"?><?xml-stylesheet type="text/xsl" href="static/style.xsl"?><OAI-PMH xmlns="http://www.openarchives.org/OAI/2.0/" xmlns:xsi="http://www.w3.org/2001/XMLSchema-instance" xsi:schemaLocation="http://www.openarchives.org/OAI/2.0/ http://www.openarchives.org/OAI/2.0/OAI-PMH.xsd"><responseDate>2026-04-13T08:16:33Z</responseDate><request verb="GetRecord" identifier="oai:www.recercat.cat:2117/358225" metadataPrefix="marc">https://recercat.cat/oai/request</request><GetRecord><record><header><identifier>oai:recercat.cat:2117/358225</identifier><datestamp>2025-07-23T01:04:35Z</datestamp><setSpec>com_2072_1033</setSpec><setSpec>col_2072_452951</setSpec></header><metadata><record xmlns="http://www.loc.gov/MARC21/slim" xmlns:dcterms="http://purl.org/dc/terms/" xmlns:xsi="http://www.w3.org/2001/XMLSchema-instance" xmlns:doc="http://www.lyncode.com/xoai" xsi:schemaLocation="http://www.loc.gov/MARC21/slim http://www.loc.gov/standards/marcxml/schema/MARC21slim.xsd">
   <leader>00925njm 22002777a 4500</leader>
   <datafield ind2=" " ind1=" " tag="042">
      <subfield code="a">dc</subfield>
   </datafield>
   <datafield ind2=" " ind1=" " tag="720">
      <subfield code="a">Vera Martí, Carlota</subfield>
      <subfield code="e">author</subfield>
   </datafield>
   <datafield ind2=" " ind1=" " tag="260">
      <subfield code="c">2021-10-19</subfield>
   </datafield>
   <datafield ind2=" " ind1=" " tag="520">
      <subfield code="a">El present treball tracta el desenvolupament d’un sistema de transport per vials, a través&#xd;
d’un mouse hole. Aquest estarà totalment automatitzat i basat en un seguit&#xd;
d’especificacions, com el tipus de materials utilitzats, la distribució del conjunt i la&#xd;
funcionalitat de cada peça.&#xd;
La finalitat d’aquest projecte serà realitzar un disseny totalment competitiu, regit&#xd;
especialment per normatives farmacèutiques, on els components mecànics&#xd;
proporcionaran una solució apta i senzilla per l’especialista que en faci ús.&#xd;
En un aquest mercat tan competitiu i amb l’exigència dels reptes del sector farmacèutic,&#xd;
es porta a terme un seguit d’estudis i assaigs, analitzant les opcions més assequibles,&#xd;
funcionals o viables, fins a extreure’n el disseny del propòsit d’aquest projecte.</subfield>
   </datafield>
   <datafield ind2=" " ind1=" " tag="520">
      <subfield code="a">The present project deals with the development of a vials transport system, through a&#xd;
mouse hole. This will be fully automated and based on a series of specifications, such as&#xd;
the type of materials used, the distribution of the set and the functionality of each piece.&#xd;
The purpose of this project is to make a fully competitive design, governed especially by&#xd;
pharmaceutical regulations, where the mechanical components will provide a suitable and&#xd;
simple solution for the specialist that will use it.&#xd;
In such a competitive market and with the demands of the challenges of the&#xd;
pharmaceutical sector, a different studies and tests are carried out, analyzing the most&#xd;
affordable, functional or viable options, to extract the design for the purpose of this project.</subfield>
   </datafield>
   <datafield tag="653" ind2=" " ind1=" ">
      <subfield code="a">Àrees temàtiques de la UPC::Enginyeria mecànica::Mecànica</subfield>
   </datafield>
   <datafield tag="653" ind2=" " ind1=" ">
      <subfield code="a">Mechanical engineering</subfield>
   </datafield>
   <datafield tag="653" ind2=" " ind1=" ">
      <subfield code="a">Enginyeria mecànica</subfield>
   </datafield>
   <datafield ind2="0" ind1="0" tag="245">
      <subfield code="a">Sistema de transport automàtic de vials a través de mouse hole</subfield>
   </datafield>
</record></metadata></record></GetRecord></OAI-PMH>